Pricing through the cycle in Europe (Record no. 110581)

MARC details
000 -LEADER
fixed length control field 01076cad a22002415a 4500
001 - CONTROL NUMBER
control field E149653
008 - FIXED-LENGTH DATA ELEMENTS--GENERAL INFORMATION
fixed length control field 100401s2010 xxub f s 000 0 eng d
035 ## - SYSTEM CONTROL NUMBER
System control number (Sirsi) u149653
041 0# - LANGUAGE CODE
Language code of text/sound track or separate title eng
050 04 - LIBRARY OF CONGRESS CALL NUMBER
Classification number 333.33 $2 18
100 2# - MAIN ENTRY--PERSONAL NAME
Personal name Hayes, Peter
245 00 - TITLE STATEMENT
Title Pricing through the cycle in Europe
Medium [electronic resource]
260 ## - PUBLICATION, DISTRIBUTION, ETC.
Place of publication, distribution, etc. Parsipanny, NJ
Name of publisher, distributor, etc. Pramerica Real Estate Investors
Date of publication, distribution, etc. 2010
520 ## - SUMMARY, ETC.
Summary, etc. Discusses a newly-created model based on a measure of "cyclical fair value", which it is hoped would explain why, during the recession, yields of commercial properties in Europe peaked below their long-term averages. Suggests that capital-growth driven markets are the most attractively priced.
521 ## - TARGET AUDIENCE NOTE
Target audience note Advanced
590 ## - LOCAL NOTE (RLIN)
Local note KA
651 #4 - SUBJECT ADDED ENTRY--GEOGRAPHIC NAME
Geographic name Europe
690 ## - LOCAL SUBJECT ADDED ENTRY--TOPICAL TERM (OCLC, RLIN)
Topical term or geographic name as entry element PROPERTY-COMMERCIAL PROPERTY-COMMERCIAL PROPERTY MARKET
700 1# - ADDED ENTRY--PERSONAL NAME
Personal name Kane, Greg
700 1# - ADDED ENTRY--PERSONAL NAME
Personal name Reissner, Markus
856 40 - ELECTRONIC LOCATION AND ACCESS
Uniform Resource Identifier <a href="https://www.pramericarei.com/pramerica/realestate/pra_research_perspectives_frameset.html">https://www.pramericarei.com/pramerica/realestate/pra_research_perspectives_frameset.html</a>
Public note View the item free of charge at www.pramericarei.com...
942 ## - ADDED ENTRY ELEMENTS (KOHA)
Suppress in OPAC 0
Holdings
Withdrawn status Lost status Source of classification or shelving scheme Damaged status Not for loan Home library Current library Shelving location Date acquired Total Checkouts Full call number Barcode Date last seen Copy number Price effective from Koha item type
    Dewey Decimal Classification     Virtual Virtual Online 01/04/2010   ONLINE PUBLICATION 149653-2001 06/08/2019 1 06/08/2019 Book